000 00654nam a2200193 a 4500
001 000047338
005 20240412074306.0
008 180503s1988 dr 000 0 spa d
040 _aDO-SdBNP
_bspa
_cBNPHU
082 _aRD861.08
_bN964a
245 0 0 _aNueva antología de poetas mocanos /
_ccompilador Julia Jaime Julia.
260 _aSanto Domingo, República Dominicana :
_bEditora corripio,
_c1988.
300 _a174 p. ;
_c24 cm.
590 _aInventariado, 2018/VM
650 _aPoesías dominicanas
_xColecciones
_972815
650 0 _aLiteratura dominicana.
_967
650 4 _aAutores dominicanos
_91890
700 1 _aJulia Jaime Julia
_ecomp.
_975003
999 _c46826
_d46826